00523nam a22001817a 4500003000500000005001700005008004100022020001800063040000600081082001600087100002900103245004700132260002000179300001100199942001200210999001900222952010000241CEME20210628203522.0210316b xxu||||| |||| 00| 0 eng d a0-930403-56-8 c. a629.1 TES'E aEichblatt, Emil J965968 aTest and evalution of the tactical missile aUSAbAIAAc1989 aX,415P cBK2ddc c574031d574031 00104070aCEMEbCEMEcGENd2017-07-28l0o629.1 TES'EpCEME-28419r2021-06-28w2021-06-28yBK